Canciones: selección
Guardat en:
| Autor principal: | |
|---|---|
| Format: | Llibre |
| Idioma: | espanyol |
| Publicat: |
Santiago
Andrés Bello
1989
|
| Matèries: | |
| Etiquetes: |
Afegir etiqueta
Sense etiquetes, Sigues el primer a etiquetar aquest registre!
|
MARC
| LEADER | 00000nam a2200000 a 4500 | ||
|---|---|---|---|
| 001 | UCX5104 | ||
| 003 | CL-VaPUC | ||
| 008 | 920915e19890000CL |||||||||||||||||spa|d | ||
| 082 | 0 | 4 | |a 861 |b GAR |2 21 |
| 100 | |a García Lorca, Federico |e autor |9 315690 | ||
| 245 | 1 | 0 | |a Canciones: selección |
| 300 | |a 130 p | ||
| 942 | |c BK | ||
| 945 | |d 19920915 00:00:00 | ||
| 260 | |a Santiago |b Andrés Bello |c 1989 | ||
| 650 | 0 | |a Poesías españolas |9 265100 | |
| 583 | |a last modification |c 19920915 00:00:00 |k Rodrigo Vera | ||
| 999 | |c 225441 |d 225439 | ||
| 952 | |0 0 |1 0 |4 0 |6 861_000000000000000_GAR_1989 |7 0 |8 A |9 222949 |a BIBEDU |b BIBEDU |d 2019-11-15 |i 2917610 |o 861 GAR 1989 |p 2917610 |r 2019-11-15 |w 2019-11-15 |y BK |k LIT | ||